| 000 -LEADER |
| fixed length control field |
00633cam a2200193 a 4500 |
| 020 ## - INTERNATIONAL STANDARD BOOK NUMBER |
| ISBN |
1570732175 |
| 040 ## - CATALOGING SOURCE |
| Transcribing agency |
MoSU-L |
| 082 00 - DEWEY DECIMAL CLASSIFICATION NUMBER |
| Classification number |
343 SEC 1995 A076 Or. |
| 245 00 - TITLE STATEMENT |
| Title |
ABA state and local taxation of banks and other financial institutions / |
| 246 14 - VARYING FORM OF TITLE |
| Title proper/short title |
State and local taxation of banks and other financial institutions |
| 250 ## - EDITION STATEMENT |
| Edition statement |
1995-96 ed. |
| 260 ## - PUBLICATION, DISTRIBUTION, ETC. (IMPRINT) |
| Place of publication |
Washington, DC : |
| Name of publisher |
The Section, |
| Year of publication |
c1995. |
| 300 ## - PHYSICAL DESCRIPTION |
| Number of Pages |
1 v. (various pagings) ; |
| Dimensions |
28 cm. + |
| Accompanying material |
3 computer disks. |
| 650 #0 - SUBJECT ADDED ENTRY--TOPICAL TERM |
| Topical Term |
Banks and banking |
| 650 #0 - SUBJECT ADDED ENTRY--TOPICAL TERM |
| Topical Term |
Financial institutions |
| 700 1# - ADDED ENTRY--PERSONAL NAME |
| Personal name |
Hayes, Richard |
| 710 2# - ADDED ENTRY--CORPORATE NAME |
| Corporate name or jurisdiction name as entry element |
American Bar Association. |
| 942 ## - ADDED ENTRY ELEMENTS (KOHA) |
| Koha item type |
សៀវភៅភាសាអង់គ្លេស |
| 952 ## - LOCATION AND ITEM INFORMATION (KOHA) |
| Withdrawn status [LOCAL, KOHA] |
0 |